Európska komisia proti falšovaniu a pirátstvu

Predmet záujmu pirátov a falšovateľov produktov v súčasnosti. Internet, ako špecifický problém predaja falšovaných výrobkov. Európska komisia a smernica 2004/48/ES o vymožiteľnosti práv duševného vlastníctva a nariadenie Rady (ES) č. 1383/2003. Lisabonská zmluva ako právny základ ochrany práv duševn...

ver descrição completa

Na minha lista:
Detalhes bibliográficos
Autor principal: Hečková, Zuzana
Formato: Capítulo de Livro
Idioma:eslovaco
Assuntos:
Tags: Adicionar Tag
Sem tags, seja o primeiro a adicionar uma tag!

MARC

LEADER 00000naa$a2200000$$$4500
001 0112214
005 20220729111113.9
041 0 |a slo 
044 |a SK 
245 1 0 |a Európska komisia proti falšovaniu a pirátstvu  |c Zuzana Hečková 
520 |a Predmet záujmu pirátov a falšovateľov produktov v súčasnosti. Internet, ako špecifický problém predaja falšovaných výrobkov. Európska komisia a smernica 2004/48/ES o vymožiteľnosti práv duševného vlastníctva a nariadenie Rady (ES) č. 1383/2003. Lisabonská zmluva ako právny základ ochrany práv duševného vlastníctva. Podporné aktivity nelegislatívneho charakteru. 
610 2 0 |a Európska komisia 
610 2 0 |a ochrana práv priemyselných 
610 2 0 |a právo európske 
610 2 0 |a vlastníctvo duševné 
610 2 0 |a známky ochranné 
610 2 0 |a značky výrobkov 
610 2 0 |a produkty 
610 2 0 |a falzifikáty 
100 1 |a Hečková, Zuzana